|
|
|
|
| LEADER |
01116nam a2200289 a 4500 |
| 001 |
GR-Patra858 |
| 008 |
991022s1987 gr 000 b ger d |
| 020 |
|
|
|a 3528540281
|
| 040 |
|
|
|a GrPaTEI
|b gre
|c GR-PaULI
|
| 245 |
0 |
0 |
|a Maschinenelemente :
|b Normung, Berechnung, Gestaltung.
|
| 250 |
|
|
|a 11. Aufl.
|
| 260 |
|
|
|a Braunschweig :
|b Vieweg,
|c 1987
|
| 300 |
|
|
|a xx, 746s. :
|b Abb.
|
| 490 |
1 |
|
|a Viewegs Fachbucher der Technik
|
| 500 |
|
|
|a Mit 593 Bildern, 22 Tabellen, 72 vollstandig durchgerechneten Beispielen und einem Tabellenbuch
|
| 650 |
|
4 |
|a ΜΗΧΑΝΕΣ , ΣΤΟΙΧΕΙΑ ΤΩΝ
|
| 650 |
|
4 |
|a ΜΗΧΑΝΕΣ, ΣΤΟΙΧΕΙΑ ΤΩΝ
|
| 700 |
0 |
|
|a Roloff
|
| 700 |
1 |
|
|a Eittel, Herbert
|
| 700 |
1 |
|
|a Matek, Wilhelm
|
| 700 |
1 |
|
|a Muhs, Dieter
|
| 710 |
0 |
|
|a Vieweg
|
| 830 |
|
0 |
|1 00111637
|1 2001
|a Viewegs Fachbucher der Technik
|
| 942 |
|
|
|2 ddc
|
| 952 |
|
|
|0 0
|1 0
|2 ddc
|4 0
|6 621_820000000000000_MAT
|7 0
|9 281914
|a LISK
|b LISK
|c BSC
|d 2021-01-17
|e 24
|f 0
|g 0.00
|l 0
|o 621.82 MAT
|p 9241003637
|r 2021-01-17 00:00:00
|t 1
|w 2021-01-17
|y BK15
|x 19991024 0 1
|x GrPaTEI
|
| 971 |
|
|
|a .b26483567
|b 15-04-20
|c 23-09-16
|
| 999 |
|
|
|c 164122
|d 164122
|